| 000 | 00384cam a2200157ua 4500 | ||
|---|---|---|---|
| 003 | OSt | ||
| 008 | 250423b |||||||| |||| 00| 0 eng d | ||
| 041 | _aeng | ||
| 082 |
_a624.1517 _bHIG/HI |
||
| 100 |
_aHiggins, Arthur Lovat . _97431 |
||
| 245 | _aHigher surveying / | ||
| 250 | _a1 / | ||
| 260 |
_aNew York : _bMcMillan Publishing Co , _c1956. |
||
| 300 | _a463 ; . | ||
| 942 | _cBK | ||
| 999 |
_c5267 _d5267 |
||